Normal view
MARC view
- Thomas T. Warner
Entry Personal Name
001 - CONTROL NUMBER
- control field: 134275
003 - CONTROL NUMBER IDENTIFIER
- control field: NUST
005 - DATE AND TIME OF LATEST TRANSACTION
- control field: 20260427164118.0
008 - FIXED-LENGTH DATA ELEMENTS
- fixed length control field: 260427|| aca||aabn | a|a d
040 ## - CATALOGING SOURCE
- Original cataloging agency: NUST
- Transcribing agency: NUST
100 ## - HEADING--PERSONAL NAME
- Personal name: Thomas T. Warner
670 ## - SOURCE DATA FOUND
- Source citation: Work cat.: (NUST): Thomas T. Warner., Desert Meteorology /, 2004.
